Normal view
MARC view
- Awan, Muhammad Afzal
Entry Personal Name
001 - CONTROL NUMBER
- control field: 16841
003 - CONTROL NUMBER IDENTIFIER
- control field: NUST
005 - DATE AND TIME OF LATEST TRANSACTION
- control field: 20190705072832.0
008 - FIXED-LENGTH DATA ELEMENTS
- fixed length control field: 190705|| aca||aabn | a|a d
040 ## - CATALOGING SOURCE
- Original cataloging agency: NUST
- Transcribing agency: NUST
100 ## - HEADING--PERSONAL NAME
- Personal name: Awan, Muhammad Afzal
670 ## - SOURCE DATA FOUND
- Source citation: Work cat.: (NUST): Awan, Muhammad Afzal, Rayleigh-Lamb Frequency Spectrum for Isotropic Material /, 2012.
